Horticultura /
Guardado en:
| Autor Principal: | |
|---|---|
| Formato: | Libro |
| Publicado: |
Buenos Aires :
Salvat,
1952
|
| Materias: | |
| Etiquetas: |
Agregar Etiqueta
Sin Etiquetas, Sea el primero en etiquetar este registro!
|
| LEADER | 00446nam a22001695a 4500 | ||
|---|---|---|---|
| 001 | CEM.cems015892 | ||
| 005 | 20131114175006.0 | ||
| 008 | 130507s1952##################000#0#####d | ||
| 003 | CEMS | ||
| 020 | |a . | ||
| 082 | 0 | 4 | |a 635 |
| 100 | 1 | |a García Romero, A | |
| 245 | 1 | 0 | |a Horticultura / |c A García Romero, |
| 260 | |a Buenos Aires : |b Salvat, |c 1952 | ||
| 300 | |a 411 p. | ||
| 653 | |a Horticultura | ||
| 859 | |a CEMS |b BIB. CEMS - Agricultura |h 635 |i G165 |p A15975.90 |t Ej.1 | ||
